| 000 | 00492 a2200157 4500 | ||
|---|---|---|---|
| 005 | 20250618125131.0 | ||
| 020 | _a978-0-07-353008-6 | ||
| 082 | _a658.3 COL | ||
| 100 | _aCOLQUITT, A. J | ||
| 245 | _aOrganizational Behavior: Improving Perormance and Commitment in the Workplace | ||
| 260 |
_aNew York _bMcGraw-Hill Irwin _c2009. |
||
| 300 |
_axxi,617p.:ill.; figure, tables, pictures _bIndex, Glossary _c26cm |
||
| 700 | _aJeffery A. LePine | ||
| 700 | _aMichael J. Wesson | ||
| 942 |
_2ddc _cBKS |
||
| 999 |
_c4297 _d4297 |
||